000
00320nam a2200133Ia 4500
008
150301s1991 xx 000 0 und d
082
_a
617.6
_b
E91C
100
_a
CROLL, THEODORE
245
_a
ENAMEL MICROBRASION
260
_b
QUITESSENCE PUB
_a
UK
_c
1991
300
_a
1-102
650
_a
ORAL MEDICINE
942
_2
ddc
_c
BK
999
_c
6972
_d
6972